ARRUPE JESUIT UNIVERSITY

CORONAVIRUS -STOP THE SPREAD - CLEAN,DISINFECT,COVER

Stones laid before the Lord / (Record no. 121348)

MARC details
000 -LEADER
fixed length control field 01135mam a2200349 a 4500
001 - CONTROL NUMBER
control field 2276844
003 - CONTROL NUMBER IDENTIFIER
control field ARRUPE
005 - DATE AND TIME OF LATEST TRANSACTION
control field 20150303020007.0
008 - FIXED-LENGTH DATA ELEMENTS--GENERAL INFORMATION
fixed length control field 980430s1999 miua b 000 0 eng
010 ## - LIBRARY OF CONGRESS CONTROL NUMBER
LC control number 98019022
020 ## - INTERNATIONAL STANDARD BOOK NUMBER
International Standard Book Number 087907552X (alk. paper)
020 ## - INTERNATIONAL STANDARD BOOK NUMBER
International Standard Book Number 0879076526 (pbk. : alk. paper)
035 ## - SYSTEM CONTROL NUMBER
System control number (OCoLC)ocm39124368
035 ## - SYSTEM CONTROL NUMBER
System control number (NNC)2276844
040 ## - CATALOGING SOURCE
Original cataloging agency DLC
Transcribing agency DLC
Modifying agency NNC
041 1# - LANGUAGE CODE
Language code of text/sound track or separate title eng
Language code of original and/or intermediate translations of text fre
050 00 - LIBRARY OF CONGRESS CALL NUMBER
Classification number NA4828
Item number .D5613 1999
082 00 - DEWEY DECIMAL CLASSIFICATION NUMBER
Classification number 726/.7712
Edition number 21
300 ## - PHYSICAL DESCRIPTION
Dimensions 23 cm.
100 1# - MAIN ENTRY--PERSONAL NAME
Personal name Dimier, Anselme,
Dates associated with a name 1898-1975.
9 (RLIN) 12927
240 10 - UNIFORM TITLE
Uniform title <a href="Moines bâtisseurs.">Moines bâtisseurs.</a>
Language of a work English
245 10 - TITLE STATEMENT
Title Stones laid before the Lord /
Statement of responsibility, etc by Anselme Dimier ; translated from the French by GilChrist Lavigne.
260 ## - PUBLICATION, DISTRIBUTION, ETC. (IMPRINT)
Place of publication, distribution, etc Kalamazoo, Mich. :
Name of publisher, distributor, etc Cistercian Publications,
Date of publication, distribution, etc c1999.
263 ## - PROJECTED PUBLICATION DATE
Projected publication date 9808
300 ## - PHYSICAL DESCRIPTION
Extent 306 p. ;
490 1# - SERIES STATEMENT
Series statement Cistercian studies series ;
Volume number/sequential designation no. 152
504 ## - BIBLIOGRAPHY, ETC. NOTE
Bibliography, etc Includes bibliographical references.
650 #0 - SUBJECT ADDED ENTRY--TOPICAL TERM
Topical term or geographic name as entry element Cistercian architecture.
9 (RLIN) 12928
650 #0 - SUBJECT ADDED ENTRY--TOPICAL TERM
Topical term or geographic name as entry element Catholic church buildings.
9 (RLIN) 12929
830 #0 - SERIES ADDED ENTRY--UNIFORM TITLE
Uniform title Cistercian studies series ;
Volume number/sequential designation no. 152.
9 (RLIN) 12930
942 ## - ADDED ENTRY ELEMENTS (KOHA)
Source of classification or shelving scheme Library of Congress Classification
Koha item type Monograph ( Printed materials)
Koha issues (borrowed), all copies 1
Holdings
Withdrawn status Lost status Source of classification or shelving scheme Damaged status Not for loan Collection code Home library Current library Shelving location Date acquired Total Checkouts Full call number Barcode Date last seen Date checked out Price effective from Koha item type
    Library of Congress Classification     Main Collection ARRUPE LIBRARY ARRUPE LIBRARY Main Collection 01/12/2014 1 NA4828 .D5613 1999 46500001194 03/07/2018 02/03/2015 01/12/2014 Monograph ( Printed materials)

 

Arrupe Library. PO Box MP320 Mt Pleasant, Harare, Zimbabwe
263 242 745411|librarian@aju.ac.zw